00277nam a22000737a 4500008004100000040005500041245004900096260005800145230516b |||||||| |||| 00| 0 eng d aNational Science LibrarycNational Science Library aJournal of institute of consulting engineers aCalcutta: bInstitute of Consulting Engineers, c1962